000 00426nam a22001577a 4500
005 20250612025950.0
008 250612b |||||||| |||| 00| 0 eng d
020 _a9550480029
082 _222
_a320
_bWIJ
245 _aAwasthawathaiyada? nirthana panthiye jathiyanthara wadaiya
250 _a2nd
260 _bMalima Publishers
_c2011
300 _a142 p .,
500 _aA book of proletarian Internationalism?
942 _cL
999 _c6063
_d6063